Tipología social de la población en situación de extrema pobreza 1993
Gespeichert in:
| Körperschaft: | |
|---|---|
| Format: | Buch |
| Sprache: | Spanisch |
| Veröffentlicht: |
Santiago
MIDEPLAN
1993
|
| Schriftenreihe: | Documentos Sociales
|
| Schlagworte: | |
| Tags: |
Tag hinzufügen
Keine Tags, Fügen Sie den ersten Tag hinzu!
|
MARC
| LEADER | 00000nam a2200000 a 4500 | ||
|---|---|---|---|
| 001 | UCX7498 | ||
| 003 | CL-VaPUC | ||
| 008 | 931213e19930000CL |||||||||||||||||spa|d | ||
| 082 | 0 | 4 | |a 339.46 |b MIN |2 21 |
| 110 | 2 | |a Ministerio de Planificación y Cooperación |e author |9 324362 | |
| 245 | 1 | 0 | |a Tipología social de la población en situación de extrema pobreza 1993 |
| 300 | |a 36 p | ||
| 942 | |c BK | ||
| 945 | |d 19931213 00:00:00 |a mfernand | ||
| 260 | |a Santiago |b MIDEPLAN |c 1993 | ||
| 650 | 0 | |a Pobreza |9 258652 | |
| 650 | 0 | |a Política social |9 257588 | |
| 651 | 7 | |a CHILE |2 CL-VaPUC |9 324363 | |
| 583 | |a last modification |c 19931213 00:00:00 |k Rodrigo Vera | ||
| 490 | 0 | |a Documentos Sociales | |
| 999 | |c 227305 |d 227303 | ||
| 952 | |0 0 |1 0 |4 0 |6 339_460000000000000_MIN_1993 |7 0 |8 A |9 226230 |a BIBENE |b BIBENE |d 2019-11-15 |i 2947900 |o 339.46 MIN 1993 |p 2947900 |r 2025-01-15 |w 2019-11-15 |y BK |k ICO | ||